| 000 | 00702nam a22002297a 4500 | ||
|---|---|---|---|
| 999 |
_c33508 _d33508 |
||
| 001 | 2756 | ||
| 003 | CO-MdFUSB | ||
| 005 | 20180622073123.0 | ||
| 008 | 171120n[ ] ck ||||| |||| 00| 0 spa d | ||
| 040 |
_aCO-MdFUSB _bspa _cCO-MdFUSB _dCO-MdFUSBC _erda |
||
| 041 | 0 | _aspa | |
| 082 | 0 | 4 | _aG 226.3 K172m |
| 100 | 1 |
_aKapkin, David _eautor |
|
| 245 | 1 | 0 |
_aMarcos _b : Historia humana del Hijo de Dios _c / David Kapkin |
| 264 | 1 |
_aBogotá, Colombia : _bCentro Carismático El Minuto de Dios, _c[ ] |
|
| 300 | _a720 Pag | ||
| 336 |
_2rdacontent _atexto _btxt |
||
| 337 |
_2rdamedia _asin mediación _bn |
||
| 338 |
_2rdacarrier _avolumen _bnc |
||
| 653 | _aBiblia N.T. - Marcos - Comentarios | ||
| 942 | _cBK | ||